Statistics for Ajax Squad 2016/17

Click here to take the quiz!

General Stats

  • This quiz has been taken 113 times
  • The average score is 17 of 24

Answer Stats

NationalityPositionPlayer% Correct
24CameroonGKAndré Onana
95%
9Burkina FasoFWBertrand Traoré
91%
25DenmarkFWKasper Dolberg
91%
5ColombiaDFDavinson Sánchez
89%
20DenmarkFWLasse Schöne
88%
3NetherlandsDFJoël Veltman
85%
22Netherlands/MoroccoMFHakim Ziyech
84%
11GermanyFWAmin Younes
83%
10NetherlandsMFDavy Klaassen
83%
21NetherlandsMFFrenkie De Jong
79%
36NetherlandsDFMatthijs de Ligt
77%
17Czech RepublicFWVáclav Černý
76%
30NetherlandsMFDonny van de Beek
69%
2NetherlandsDFKenny Tete
65%
34NetherlandsMFAbdelhak Nouri
64%
16GermanyDFHeiko Westermann
64%
26NetherlandsDF/MFNick Viergever
64%
33NetherlandsGKDiederik Boer
63%
7NetherlandsFWAnwar El Ghazi
56%
8NetherlandsDF/MF/FWDaley Sinkgraven
53%
4NetherlandsDF/MFJairo Riedewald
53%
19ColombiaFWMateo Cassierra
52%
1NetherlandsGKTim Krul
49%
35NetherlandsDFMitchell Dijks
40%

Score Distribution

Percentile by Number Answered

Percent of People with Each Score

Your Score History

You have not taken this quiz